Culture Générale - Série 1994 - Statistiques

Statistiques générales
  • Ce quiz a été pris 125 fois
  • Le résultat moyen est 4 sur 10
Statistiques - réponses
Question Réponse % Correct
Combien y-a-t-il de côtés dans un heptagone ? sept
96%
De quel pays le "yuan" est-il la devise monétaire ? Chine
87%
Complétez les paroles de la chanson enfantine : "J'ai descendu dans mon jardin pour y cueillir du .... romarin
73%
Dans quel pays africain se trouve la ville de Sousse ? Tunisie
57%
Faire répéter, recommencer - 6 lettres commençant par "b" bisser
31%
Sur quelle île du continent asiatique se trouve la ville de Medan ? Sumatra
22%
Quel autre nom porte le champignon "amanite des césars" ? voir photo oronge
21%
Pièce de bois de petite section, servant à soutenir, à maintenir une autre pièce (tablette, tiroir, lattis, etc.) tasseau
11%
Partie d'une voile d'un bateau qu'on peut replier pour diminuer sa surface. - (3 lettres) ris
7%
Calendrier lithurgique - 4 lettres commençant par "o" ordo
5%
Aucun quiz correspondant
Distribution des résultats
% des personnes avec chaque résultat
Percentile par nombre de réponses
Votre historique - résultats
Vous n’avez pas pris ce quiz